MDQL
is popping MORE tags! Check the
thread
!
Quizzes
Events
Quiz Creation
Community
Videos
Private Events
Remove Ads
Sign In
Join for FREE
Feedback
Dark Mode
Quiz Categories
Sports
Geography
Music
Movies
Television
Just For Fun
Miscellaneous
History
Literature
Language
Science
Gaming
Entertainment
Religion
Holiday
For Kids
Quiz Lab
Recent
Popular Today
Quiz Kudos Today
Editor Picks
Curator Picks
Quizzes by...
Day
Popularity
Type
Ratings
Length
Year
Community
Subscriptions
Recent Discussions
Orange Saloon
Badges
Playlists
Quests
Create
Leaderboards
Showdown
Live 5
Trivia Bingo
Activity
Puzzle Library
Sporcle Events
Private Events
Virtual Trivia
Globe League
Become a Host
Pub Owners
SporcleCon
Opinionation
Our Games
Videos
Blog
Mobile Apps
Partnerships
Remove Ads and Go Orange
Feedback
Just For Fun
Clickable
Get the Picture
Humor
Quick Pick
Word Ladder
Missing Word
Mixed Word
Blitz
Minefield
This or That
Alphabet
Color
Typing
Sporcle
Puzzle
Word Play
Follow That Line
Logic
Just For Fun
Clickable
Get the Picture
Humor
Quick Pick
Word Ladder
Missing Word
Mixed Word
Blitz
Minefield
This or That
Alphabet
Color
Typing
Sporcle
Puzzle
Word Play
Follow That Line
Logic
Random Quiz
Search Sporcle
×
Quiz Lab
Quiz Lab
Just For Fun
goat
Type in answers that appear in a list
Type in answers that appear in a list
Classic
Best Score? Go Orange.
The great sheep quiz! (and Goats) Stats
Can you name the famous sheep, lambs, rams & goats?
By
BGCollector
4m
20 Questions
116 Plays
116 Plays
116 Plays
Comments
Comments
Give Quiz Kudos
Give Quiz Kudos
-
- Ratings
hide this ad
More Info
Replay
Link that replays current quiz
Next Quiz
Link to next quiz in quiz playlist
You Got
0%
They Got
Avg Score
26%
Avg Friend Score
Upgrade to see
Score Distribution
Jump to the score distribution portion of the page
Score
0/20
Timer
04:00
0
Plays Today
Clue
Answer
% Correct
First mammal to be cloned
Dolly the Sheep
94%
The ram of the Zodiac
Aries
64.7%
Sheep who produces 3 bags of wool in the nursery rhyme
Baa Baa Black Sheep
54.3%
The goat of the Zodiac
Capricorn
51.7%
Went 'trip-
trip-
trapping' over the troll's bridge (3 times!)
3 Billy Goats Gruff
41.4%
Nick Park's ovine animated spin off from Wallace & Gromit
Shaun the Sheep
39.7%
1992 Best picture Oscar winner
Silence of the lambs
38.8%
Sock glove puppet operated by Shari Lewis
Lamb Chop
37.1%
2009 film starring George Clooney & Ewan McGregor
The men who stare at goats
31.9%
South African born ex-
England Cricketer
Allan Lamb
18.1%
Clue
Answer
% Correct
Born on the 1st of Jan -
Which years since 1970 would have meant you were born under the Chinese year of the sheep (or goat, or lamb)
1980, 1992, 2004, 2016, 2028
15.5%
Sheeplike Pokémon
Mareep
10.3%
Esméralda's goat companion
Djali
8.6%
Sheep protagonist of Toy Town -
'Mr Mayor, Mr Mayor!'
Larry the Lamb
8.6%
English TV presenter and model
Amanda Lamb
5.2%
Goat headed devil
Baphomet
5.2%
Mascot of Derby County Football Club
Rammie
2.6%
Mascot of the St Louis Rams
Rampage
1.7%
'It's the wool-
uff! It's the wool-
uff!'
Lambsy
1.7%
Popular Czech beer with a goat logo
Velkopopovický Kozel
0%
Quiz Playlist
Details
Report
Send in Message
Add To Playlist
More Info:
One of the comments on the Famous Pigs & Horses quiz said there should be one for sheep. Well here it is!
Classic:
Type in answers that appear in a list
Last Updated: Feb 16, 2017
Quiz Scoreboard
CHALLENGE
Sign Up to Join the Scoreboard
Show All
Scores
Hide
Comments
May contain spoilers
Recently Published
1-10 Letter E Words III
by El_Dandy
Language
2m
Street Fighter Characters
by Artimus82
Gaming
60s
College Basketball Coaching Resumes
by pancakes188
Sports
9m
More to Explore
Quiz From the Vault
Featured Blog Post
Where Did the Easter Bunny Come From?
hide this ad
You Might Also Like...
Tags
goat
lamb
ram
sheep
Today's Top Quizzes in Just For Fun
Browse Just For Fun
hide this ad
Today's Top Quizzes in goat
Browse goat
Top Contributed Quizzes in Just For Fun
1
Name Just One - 10 to 1: Just For Fun
2
Killer Double Trees 224 - Colour Match-Up
3
Spring Typing Challenge
4
Crossword Whiteout! 49
5
Zeroing In: Just For Fun
6
Survivor Winners Logic Puzzle
7
Word Ladder: Ahoy Matey
8
Word Ladder: Wilderness Weapon
9
Kyle's 122nd Triple Trees
10
Clickable Animal Jokes #2
Explore More
Trending Topics
Crossword
NBA
Anime
Kpop
Disney
Marvel
Harry Potter
Soccer
NFL
Song
Puzzle
Pokémon
WWE
Country
The Office
hide this ad
More By:
BGCollector
Quiz
Plays
Rating
Category
Featured
Created
Figure Out the Lyrics VI
233,697
4.20
Music
Nov 15, 2013
Figure Out the Lyrics VIII
193,315
4.41
Music
Nov 3, 2013
Figure Out the Lyrics VII
185,963
4.29
Music
Jan 5, 2014
Figure Out the Lyrics IX
156,184
4.72
Music
Jun 12, 2015
Figure Out the Lyrics X
137,899
4.09
Music
Mar 21, 2015
Go to Creator's Profile
Score Distribution
Quiz Creator Spotlight
BGCollector
Follow
Send a Message
Quizzes Created
-
Created Quiz Play Count
-
More By This Creator
Popular Quizzes Today
1
Find the US States - No Outlines Minefield
2
Find the Countries of Europe - No Outlines Minefield
3
The Countries of the World
4
Find the US States
5
Risky Map Clicking: Biggest States A-Z
6
US States
7
Popular People in 1961
8
Movies - When Are They Set?
More Just For Fun Quizzes
Missing Word: FOX Dramas
Published
Trending Quizzes
Risky Map Clicking: Least Populous States A-Z
Billboard Blitz: Aretha Franklin
Famous Russians: Author or Composer?
1-10 Letter G Words
Countries of the World: 200 Million BC
Recently Updated
Leaping Animals
pecheneg
Reality TV Shows (A-Z)
bhenderson79
Rickey Henderson's Hall of Fame Teammates
pecheneg
Champions League XIs: Arsenal
pecheneg
Quick Pick: Celebrities in WWE's Hall of Fame
aduchscher
A-Z Keypad Blitz II
pecheneg
Multiple Oscar Actors
pecheneg
Mystery Phrase Blitz: Oscar 'Best Actors'
pecheneg
F. Scott Fitzgerald Novels
LTH
Pick 3 Villains
ddd62291
Trending Topics
Kpop
Harry Potter
Marvel
NBA
Anime
Crossword
Disney
WWE
The Office
NFL
Country
Song
Puzzle
Soccer
Pokémon
Your Account Isn't Verified!
In order to create a playlist on Sporcle, you need to verify the email address you used during registration. Go to your
Sporcle Settings
to finish the process.
Report this User
Report this user for behavior that violates our
Community Guidelines
.
Details:
Send Report
Go to the Sporcle.com Mobile Site →
Comments